00481nam a2200145Ia 4500008004100000020002200041082001300063100002700076245003900103260002600142300001400168942000700182999001900189952012700208191014s9999 xx 000 0 und d a978-81-317-2193-3 a530bWOL aRichard Wolfson923861 0aEssential University Physics Vol 1 aIndiabPearson c2009 aXviii,325 cBK c531386d531386 00104070aSNSbSNSd2019-10-15eTahir Zareef Kayanig0.00l1o530WOLpSNS0003163r2026-04-14s2026-02-19w2019-10-15yBK